LEADER 00957nam a2200205 4500 001 000000363272 003 CaOOAMICUS 005 20250620091930.0 008 250620s1905 it 000 u ita r 040 $aSeMil$bita 100 1 $aSalotti, Carlo .$0(OLS)http://semarc/name/33216 245 13$aIl pensiero e l'anima di Augusto Conti :$blettura pubblica tenuta in arcadia il 26 Marzo 1905 /$cMons. Carlo Salotti. 264 1$aRoma :$bDesclée, Lefebvre e C.,$c1905. 300 $a50 p. ;$c22 cm 600 14$aConti, Augusto <1822-1905>.$0(OLS)http://semarc/subject/14004 850 $aSeMil 852 $aSeMil$W1$xVenegono$y1$m5B VIII 4/9$j258652$B254131$CSeMilBibl$Z2$F254131 $86 996 $6245$aIl pensiero e l'anima di Augusto Conti :$blettura pubblica tenuta in arcadia il 26 Marzo 1905$9(OLS)http://semarc/title/454448 996 $6264$aRoma :$bDesclée, Lefebvre e C.$9(OLS)http://semarc/publisher/29735 LEADER 01105nam a2200253 4500 001 000000360326 003 CaOOAMICUS 005 20241015080105.0 008 241014s1987 it 000 u ita r 020 $a88-397-0463-9 040 $aSeMil$bita 100 1 $aMancini, Enzo.$0(OLS)http://semarc/name/48496 245 12$aL'uomo di Tagaste :$bvita di Sant'Agostino /$cEnzo Mancini ; prefazione di Giancarlo Ceriotti. 264 1$aTorino :$bERI,$c1987. 300 $a280 p. ;$c21 cm 600 04$aAgostino, Aurelio .$0(OLS)http://semarc/subject/1856 700 1 $aCeriotti, Giancarlo,$c.$0(OLS)http://semarc/name/4412 850 $aSeMil 852 $aSeMil$W1$xVenegono$y1$m2S II 308$j251656$B251351$CSeMilBibl$Z2$F251351 $81 961 $aBuzzi mons. Franco - Omaggio. ? Con dedica autografa 1987 996 $6020$a88-397-0463-9$9(OLS)http://semarc/number/301545 996 $6245$aL'uomo di Tagaste :$bvita di Sant'Agostino$9(OLS)http://semarc/title/450818 996 $6264$aTorino :$bERI$9(OLS)http://semarc/publisher/31745